British Royal Ghost Haunts - Statistics

General Stats
  • This quiz has been taken 14 times
  • The average score is 6 of 17
Answer Stats
Hint Answer % Correct
Queen Anne Boleyn: Place of execution Tower of London
91%
Queen Catherine Howard: Screaming for mercy Hampton Court Palace
82%
King Edward V: The boy prince and his brother lost in their potential final resting place Tower of London
64%
Lady Jane Grey: Spotted on battlements of her final residence Tower of London
64%
Queen Victoria: Spotted yelling at gardeners Windsor Castle
64%
Queen Jane Seymour: The favourite wife haunts a favourite residence Hampton Court Palace
55%
King George 2nd: Muttering "Why Don't They Come?" Kensington Palace
36%
Elizabeth 1st: Haunts the library of the castle Windsor Castle
36%
King Henry 8th: Some hear his groans and footsteps, others see him approaching Windsor Castle
27%
Mary, Queen of Scots: Haunts this Scottish castle Stirling Castle
18%
King Charles the 1st: Seen with his head still attached (luckily!) Windsor Castle
18%
King George 3rd: Confined when 'mad', his ghost is still there waiting Windsor Castle
18%
King Edward 2nd: No small surprise he is heard screaming Berkeley Castle
9%
Princess Sophia (daughter of George 3rd): some hear her spinning wheel Kensington Palace
9%
Queen Isabella (wife of Edward 2nd): Near a London burial site Greyfriars
0%
Catherine of Aragon: Haunts where she pined for her no-good husband Kimbolton Castle
0%
King RIchard 3rd: Does he even deserve to rest in peace? Leicester Cathedral
0%
No matching quizzes found
Score Distribution
Percent of People with Each Score
Percentile by Number Answered
Your Score History
You have not taken this quiz